LEADER 01724nas 2200517 c 450 001 9910893594603321 005 20260218112914.0 024 8 $aVD18 90234022 035 $a(CKB)5280000000198137 035 $a(DE-599)ZDB2687488-X 035 $a(OCoLC)1185839602 035 $a(DE-101)1027035574 035 $a(DE-599)2687488-X 035 $a(EXLCZ)995280000000198137 100 $a20121019b17151784 |y | 101 0 $ager 135 $aurcn|024||a|| 181 $ctxt$2rdacontent 182 $cc$2rdamedia 183 $acr$2rdacarrier 200 00$aNeuer Zeitungen von Gelehrten Sachen auf das Jahr ... Theil$f[Hrsg.: J. G. Krause, Joh. Burch. Mencke, nach 1732: Friedrich Otto Mencke] 210 31$aLeipzig$cZeitungs-Expedition$d1715-1784 210 21$aLeipzig$cGrosse u. Georgi$d1715 210 21$aLeipzig$cGrosse$d1716-1717 210 21$aLeipzig$cMartini$d1718-1719 215 $aOnline-Ressource 517 3 $aNeue Zeitungen von Gelehrten Sachen auf das Jahr ... 517 1 $aLeipziger gelehrte Zeitungen 517 1 $agesammelte merkwu?rdiges 606 $aGeistesleben$3(DE-588)4274490-8$3https://d-nb.info/gnd/4274490-8$3(DE-101)042744903$2gnd 607 $aEuropa$2gnd 608 $aZeitung$2gnd-content 608 $aZeitung$2gnd 615 7$aGeistesleben. 676 $a070 676 $a800 702 $aKrause$b Johann Gottlieb$f1684-1736$4edt 702 $aMencke$b Johann Burkhard$f1674-1732$4edt 702 $aMencke$b Friedrich Otto$f1708-1754$4edt 801 0$b9024 801 1$bDE-101 801 2$b0012 906 $aJOURNAL 912 $a9910893594603321 996 $aNeuer Zeitungen von Gelehrten Sachen auf das Jahr ... Theil$94257391 997 $aUNINA